Краткое руководство кузнечно-котельного дела, составленное для кустарей, а также технических и ремесленных школ

Bibliographic Details
Main Author: Нетыкса М. А.
Summary:Издатель К. И. Тихомиров, Комиссионер Московского Общества Сельского Хозяйства и Московской Комиссии Народных Чтений
Текст в русской дореформенной орфографии
Language:Russian
Published: Москва, Издание К. И. Тихомирова, 1905
Series:Библиотека руководств по сельским постройкам, ремеслам, промыслам и производствам
Subjects:
Format: Book
KOHA link:https://koha.lib.tpu.ru/cgi-bin/koha/opac-detail.pl?biblionumber=312339

MARC

LEADER 00000nam0a2200000 4500
001 312339
005 20231102002457.0
035 |a (RuTPU)RU\TPU\book\337707 
090 |a 312339 
100 |a 20151221d1905 m y0rusy50 ca 
101 0 |a rus 
102 |a RU 
105 |a a j 001zy 
200 1 |a Краткое руководство кузнечно-котельного дела, составленное для кустарей, а также технических и ремесленных школ  |f М. А. Нетыкса 
210 |a Москва  |c Издание К. И. Тихомирова  |c Типо-литография Т-ва И. Н. Кушнерев и К  |d 1905 
215 |a 384 с.  |c с 460 политипажами в тексте и 2-мя таблиц. чертежей 
225 1 |a Библиотека руководств по сельским постройкам, ремеслам, промыслам и производствам 
300 |a Издатель К. И. Тихомиров, Комиссионер Московского Общества Сельского Хозяйства и Московской Комиссии Народных Чтений 
300 |a Текст в русской дореформенной орфографии 
316 |5 63413507: М-132503  |a Владельческий переплет 
316 |5 63413507: М-132503  |a На титульном листе владельческий штамп: "Из книг инж. И. Н. Бутакова" 
317 |5 63413507: 132503  |a Поступила в НТБ в 1970 г. в составе книжного собрания профессора ТПИ И. Н. Бутакова 
320 |a Добавления. Расчет толщины стенок котла: с. 346-349 
320 |a Добавления. Таблицы толщины стенок котлов при разных давлениях: с. 350-353 
320 |a Добавления. Разные вспомогательные таблицы: с. 354-384 
606 1 |a Котлостроение  |x Разметка  |2 stltpush  |3 (RuTPU)RU\TPU\subj\16051  |9 42241 
610 1 |a котельное производство 
610 1 |a материалы 
610 1 |a материалы на основе железа 
610 1 |a заклепочные швы 
610 1 |a заклепки 
610 1 |a заклепочные соединения 
610 1 |a чеканка 
610 1 |a разметка 
610 1 |a кузнечное дело 
610 1 |a котельные изделия 
610 1 |a котельно-кузнечное дело 
610 1 |a руководства 
610 1 |a владельческая надпись 
610 1 |a владельческие знаки 
610 1 |a Библиотека И. Н. Бутакова 
675 |a 621.772  |v 4 
700 1 |a Нетыкса  |b М. А. 
801 1 |a RU  |b 63413507  |c 20151221 
801 2 |a RU  |b 63413507  |c 20221213  |g RCR 
942 |c BK